00285nam a2200109Ia 4500008004100000082001700041100002100058245003800079260003500117300000800152650001500160191201s1996 xx 000 0 und d a746.440bNAT aNAIK, Shailaja D 0aTraditional Embroideries of India aN.DelhibA P H Publisherc1996 a157 aB.Tech(TE)